Springfield, Colorado--Kansas--Oklahoma, 1991 : 1:100 000-scale metric topographic map /

Bibliographic Details
Corporate Author: United States. Bureau of Land Management
Format: Government Document Map
Language:English
Published: [Reston, Va.] : The Bureau ; BLM State Office, [1992]
Edition:BLM ed.--1991.
Series:Surface management status, mineral management status
Subjects:

MARC

Tag First Indicator Second Indicator Subfields
LEADER 00000cem a2200000 a 4500
001 in00001115768
005 20150930062003.0
007 aj canzn
008 930104s1992 vauag bh a f 1 eng d
010 |a gp 93063580  
034 1 |a a  |b 100000  |d W1030000  |e W1020000  |f N0373000  |g N0370000 
035 |a (OCoLC)27194099 
035 |9 AFV3468AM 
040 |a GPO  |c GPO  |d DLC  |d UtOrBLW 
052 |a 4311 
052 |a 4201 
074 |a 0619-G-16 
086 0 |a I 53.11/4-2:37102-A 1-TM-100/991 
090 |a G3701.G5 s100  |b .U5 Springfield CO-KS-OK (SM) 
110 1 |a United States.  |b Bureau of Land Management. 
245 1 0 |a Springfield, Colorado--Kansas--Oklahoma, 1991 :  |b 1:100 000-scale metric topographic map /  |c edited and published by the Bureau of Land Management. 
250 |a BLM ed.--1991. 
255 |a Scale 1:100,000. 1 cm. on the map represents 1 km. on the ground ;  |b universal transverse Mercator proj.  |c (W 10300ʹ--W 10200ʹ/N 3730ʹ--N 3700ʹ). 
264 1 |a [Reston, Va.] :  |b The Bureau ;  |b BLM State Office,  |c [1992] 
264 2 |a Denver, Colo. :  |b [For sale by U.S. Geological Survey] : 
300 |a 1 map :  |b color ;  |c 56 x 89 cm. 
336 |a cartographic image  |b cri  |2 rdacontent 
337 |a unmediated  |b n  |2 rdamedia 
338 |a sheet  |b nb  |2 rdacarrier 
490 1 |a Surface management status, mineral management status 
500 |a Relief shown by contours and spot heights. 
500 |a Shows minerals owned by the federal government. 
500 |a "Map edited 1984." 
500 |a Includes location map and index to adjoining maps. 
500 |a Designed to be folded to 23 x 11 cm. 
500 |a "N3700--W10200/30X60." 
500 |a Cartographic material. 
650 0 |a Mines and mineral resources  |z Colorado  |x Maps. 
650 0 |a Mines and mineral resources  |z Kansas  |x Maps. 
650 0 |a Land use, Rural  |z Colorado  |x Maps. 
650 0 |a Land use, Rural  |z Kansas  |x Maps. 
740 0 |a Springfield, Colorado--Kansas--Oklahoma. 
810 1 |a United States.  |b Bureau of Land Management.  |t Surface-minerals management status. 
999 |a MARS 
999 f f |s ecf6b8ff-15ed-3c60-81a5-37c2873c2e2a  |i 176f5185-5084-3b44-8d9e-17dc43f34804  |t 0 
952 f f |p normal  |a Texas A&M University  |b College Station  |c Sterling C. Evans Library  |d Evans: Maps (2nd floor)  |t 0  |e G3701.G5 s100 .U5 Springfield CO-KS-OK (SM)  |h Library of Congress classification  |i unmediated -- sheet  |m A14818141809 
998 f f |a G3701.G5 s100 .U5 Springfield CO-KS-OK (SM)  |t 0  |l Evans: Maps (2nd floor)